00685nam a2200217 a 450000100060000000300080000600500170001400800410003102000150007203500190008704000270010604100080013308200260014110000250016724501110019226000320030330000350033565000280037065000280039870000410042662518BD-RjUL20211209081108.0170124s1977 moua 000 0 eng  a0801610273 a(BD-RjUL)62644 aDLCcDLCdBD-RjULbeng aeng00a796.81223bCOC 19771 aConroy, Mary,d1941-10aCommon sense self-defense :ba practical manual for students and teachers /cMary Conroy, Edward R. Ritvo. aSt. Louis :bMosby,cc1977. axiii, 146 p. :bill. ;c24 cm. 0aSelf-defense for women. 1aSelf-defense for women.1 aRitvo, Edward,d1930-ejoint author.